00119 2200061 4500001002100000990001800021990001800039INLIS000000000001256 a001718.003321 a001718.003392